Villes les plus peuplées de Suisse - Statistiques

Statistiques générales
  • Ce quiz a été pris 308 fois
  • Le résultat moyen est 12 sur 20
Statistiques - réponses
Population Ville % Correct
421 878 Zurich
99%
134 794 Berne
98%
203 856 Genève
98%
173 863 Bâle
91%
140 202 Lausanne
89%
82 620 Lucerne
75%
44 531 Neuchâtel
72%
34 978 Sion
71%
62 315 Lugano
70%
38 039 Fribourg
67%
76 213 Saint-Gall
63%
55 206 Bienne
47%
114 220 Winterthour
40%
37 424 Coire
38%
36 915 La Chaux-de-Fonds
38%
43 476 Thoune
37%
43 360 Bellinzone
33%
36 952 Schaffhouse
32%
42 388 Köniz
14%
35 337 Uster
12%
Aucun quiz correspondant
Distribution des résultats
% des personnes avec chaque résultat
Percentile par nombre de réponses
Votre historique - résultats
Vous n’avez pas pris ce quiz